00522nam a22001697a 450000500170000001000460001702000260006303500140008903500170010303700240012003700130014408200080015724500650016526000390023027000620026930000210033120180703151737.0 a1718EN-30 ENG-121823 B-688304-311 c160.00a9788126040551 aEN-105355 aB-688304-311 bSahitya Akadmiadpl bDBAD/PUB a881 aTelugu Dalit poetry today / cedited by Thummapudi Bharathi  aNew Delhi bSahitya Academi c2016 bNew Delhi aRabindra Bhawan, 35, Fiiroz Shah Marge110001 a169p.c21cm(pbk)